Economic change and political behaviour in rural India (Record no. 13019)

MARC details
000 -LEADER
fixed length control field 00407nam a2200145Ia 4500
082 ## - DEWEY DECIMAL CLASSIFICATION NUMBER
Classification number TM.0142
100 ## - MAIN ENTRY--AUTHOR NAME
Personal name Michie, Aruna Nayyar
245 #0 - TITLE STATEMENT
Title Economic change and political behaviour in rural India
260 ## - PUBLICATION, DISTRIBUTION, ETC. (IMPRINT)
Year of publication 1975
Name of publisher Michigan State University
300 ## - PHYSICAL DESCRIPTION
Number of Pages 261p.
650 ## - SUBJECT ADDED ENTRY--TOPICAL TERM
Topical Term RAJASTHAN - RURAL CONDITIONS
650 ## - SUBJECT ADDED ENTRY--TOPICAL TERM
Topical Term RAJASTHAN - POLITICS AND GOVERNMENT
710 ## - ADDED ENTRY--CORPORATE NAME
Corporate name or jurisdiction name as entry element Iqbal Narain
942 ## - ADDED ENTRY ELEMENTS (KOHA)
Koha item type Thesis
Source of classification or shelving scheme Dewey Decimal Classification
Holdings
Withdrawn status Lost status Damaged status Not for loan Home library Current library Date acquired Full call number Accession Number Price effective from Koha item type
        NASSDOC Library NASSDOC Library 08/10/2004 TM.0142 8066 18/04/2019 Thesis